Heavy Metal Bands A-Z - Statistics

General Stats
  • This quiz has been taken 814 times
    100 since last reset
  • The average score is 17 of 26
Answer Stats
Letter Hint Answer % Correct
B Ozzy Osborne & Co., the first heavy metal band. Black Sabbath
100%
L 70s hard rock titans behind “Stairway to Heaven” and “Whole Lotta Love.” Led Zeppelin
95%
R German industrial metal band behind "Du Hast." Rammstein
94%
A Australian hard rock legends led by guitarist Angus Young. AC/DC
92%
D English hard rockers who gave us “Smoke on the Water.” Deep Purple
91%
M Lemmy’s band, writers of “Ace of Spades” and “Overkill.” Motorhead
91%
K Jonathan Davis’ band that launched the nu metal genre. Korn
87%
P The "Cowboys from Hell’ featuring guitar hero Dimebag Darrell. Pantera
86%
I Huge English NWOBHM band featuring Bruce Dickinson. Iron Maiden
84%
S Thrash legends behind “Angel of Death” and “Reign in Blood.” Slayer
82%
J Metal pioneers fronted by leather-and-studs icon Rob Halford. Judas Priest
80%
T US alt/prog metal band behind "Sober" and "Schism." Tool
73%
C Infamous death metal band known for gore-themed songs. Cannibal Corpse
66%
G Spooky Swedish band whose singer likes to dress up as the Anti-Pope. Ghost
66%
N Grindcore pioneers who recorded the shortest-ever song, “You Suffer.” Napalm Death
56%
O Florida death metal legends whose name is a synonym for a death notice. Obituary
56%
E Bay Area thrash legends who unleashed "Bonded by Blood." Exodus
53%
V English NWOBHM band known for their shocking image, behind “Welcome to Hell.” Venom
53%
W David Coverdale's hard rock band, behind "Here I Go Again." Whitesnake
53%
H Weather themed US band featuring siblings Lzzy and Arejay Hale. Halestorm
51%
Q US prog metal pioneers behind "Operation: Mindcrime." Queensrÿche
44%
F US funk-metal innovators fronted by Mike Patton, known for "Epic." Faith No More
41%
U "Spacey" 70's English hard rock band behind the song "Doctor Doctor." UFO
35%
X American glam metal band who evidently know the alphabet. XYZ
32%
Z U.S. thrash band named after a fairy tale involving seven dwarfs. Znöwhite
20%
Y Oregon doom metal trio with a name that means “lout” in UK slang. YOB
13%
No matching quizzes found
Score Distribution
Percent of People with Each Score
Percentile by Number Answered
Your Score History
You have not taken this quiz since the last reset